| 000 | 00000nam##2200000za#4500 |
| 001 | 9.698940 |
| 003 | CaOODSP |
| 005 | 20210625000145 |
| 007 | cr ||||||||||| |
| 008 | 150407|2011||||xxc|||||o f|0| 0 eng|d |
| 040 | |aCaOODSP|beng |
| 043 | |an-cn--- |
| 086 | 1 |aIu92-4/33-2011E-PDF |
| 110 | 1 |aCanada.|bWestern Economic Diversification Canada. |bAudit and Evaluation Branch. |
| 245 | 10|aEvaluation of Mountain Pine Beetle Program |h[electronic resource] |
| 260 | |aOttawa - Ontario : |bWestern Economic Diversification Canada. |cApril 2011. |
| 300 | |a42p.|btables |
| 590 | |a14-05-Supp|b2014-02-26 |
| 690 | 07|aWestern provinces|2gcpds |
| 690 | 07|aFederal programs|2gcpds |
| 775 | 08|tÉvaluation du Programme fédéral sur le dendroctone du pin ponderosa |w(CaOODSP)9.642936 |
| 856 | 40|ahttp://publications.gc.ca|qPDF|s267 KB|uhttps://publications.gc.ca/collections/collection_2014/deo-wd/Iu92-4-33-2011-eng.pdf |